Financování investičních projektů

Financovanie investičných projektov v súvislosti s ich hodnotením pomocou ukazovateľov, ktoré vyjadrujú faktor času (ČSH), vnútorné výnosové percento, index rentability a doba návratnosti, ktoré sa zakladajú na diskontovaných peňažných trhoch. Treba posúdiť úrok z úveru, vplyv dane z príjmu na úroky...

ver descrição completa

Na minha lista:
Detalhes bibliográficos
Autor principal: Schroll, R.
Formato: Capítulo de Livro
Idioma:tcheco
Assuntos:
Tags: Adicionar Tag
Sem tags, seja o primeiro a adicionar uma tag!

MARC

LEADER 00000naa a2200000 4500
001 r020665
005 20230913080512.2
041 0 |a cze 
044 |a CZ 
245 1 0 |a Financování investičních projektů  |c R. Schroll 
520 |a Financovanie investičných projektov v súvislosti s ich hodnotením pomocou ukazovateľov, ktoré vyjadrujú faktor času (ČSH), vnútorné výnosové percento, index rentability a doba návratnosti, ktoré sa zakladajú na diskontovaných peňažných trhoch. Treba posúdiť úrok z úveru, vplyv dane z príjmu na úroky, priemerné náklady celkového kapitálu podniku a hodnotenie projektu z pozície akcionárov. Štruktúra financovania investičných projektov pred realizáciou projektu a po realizácii. Rozhodujúce kritériá pre investovanie. Financovanie menších projektov formou samofinancovania. 
610 2 0 |a projekty investičné 
610 2 0 |a analýza hodnotová 
610 2 0 |a financovanie investícií 
610 2 0 |a samofinancovanie 
100 1 |a Schroll, R.